00651 2200217 4500001002100000005001500021035002000036245009700056100002600153300004500179700002800224264004000252336002100292337002000313338002300333082000800356084001400364020002200378600002000400990001300420INLIS00000000000191820240812103656 a0010-08240000121 aOrigami Hati :bKarena mencintai tidak perlu meminta ia melupakan masa lalunya /cBoy Candra0 aBoy CandraePengarang aiv, 296 halaman :bilustrasi ;c13x19 cm0 aDian NitamiePenyunting aJakarta Selatan :bmediakita,c2017 2rdacontentaTeks 2rdamediaacetak 2rdacarrierakertas a813 a813 BOY o a978-979-794-534-3 4afiksi indonesia a24000034